Historical Regions in Europe - Statistics

General Stats
  • This quiz has been taken 298 times
  • The average score is 22 of 30
Answer Stats
Capital Region % Correct
Barcelona Catalonia
96%
Edinburgh Scotland
94%
Munich Bavaria
93%
Cardiff Wales
91%
Prague Bohemia
88%
London England
88%
Amsterdam Holland
86%
Palermo Sicily
86%
Florence Tuscany
86%
Madrid Castile
84%
Brussels Flanders
84%
Bilbao Basque Country
81%
Milan Lombardy
81%
Berlin Brandenburg
80%
Ajaccio Corsica
79%
Split Dalmatia
73%
Thessaloniki Macedonia
70%
Zaragoza Aragon
69%
Brno Moravia
69%
Marseille Provence
69%
Turin Piedmont
67%
Wrocław Silesia
67%
Rennes Brittany
66%
Cluj-Napoca Transylvania
66%
Aarhus Jutland
64%
Rouen Normandy
62%
Dijon Burgundy
61%
Mostar Herzegovina
45%
Münster Westphalia
44%
Rovaniemi Lapland
43%
No matching quizzes found
Score Distribution
Percent of People with Each Score
Percentile by Number Answered
Your Score History
You have not taken this quiz